000 00319nam a2200121 a 4500
005 20141022142008.0
008 120228s19uu xx 00 eng d
050 _aCD-ROM
_bK38 2006
100 _aKennedy, Dan
245 _aNO B.S. Wealth attraction for entrepreneurs /
_cDan Kennedy.
260 _c2006.
942 _cAVM
999 _c276633
_d276633